[Event "Hum na Sutli op 12th"]
[Site "Hum na Sutli"]
[Date "2018.08.30"]
[Round "8"]
[White "Rogulj, Branko"]
[Black "Takac, Zvonko"]
[Result "1-0"]
[WhiteElo "2404"]
[BlackElo "1966"]
[PlyCount "83"]
[EventDate "2018.08.25"]
[EventType "swiss"]
[EventRounds "9"]
[EventCountry "CRO"]
[SourceTitle "CBM 186 Extra"]
[Source "ChessBase"]
[SourceDate "2018.08.24"]
[SourceVersion "1"]
[SourceVersionDate "2018.08.24"]
[SourceQuality "1"]

1. e4 e5 2. Nf3 Nc6 3. Bb5 a6 4. Ba4 Nf6 5. d3 b5 6. Bb3 Bc5 7. a4 b4 8. 0-0 d6 9. c3 0-0 10. h3 Na5 11. Bc2 Rb8 12. Nbd2 Re8 13. Re1 bxc3 14. bxc3 Nc6 15. a5 Ne7 16. d4 exd4 17. Nxd4 Bd7 18. N2b3 Ba7 19. Bd3 c5 20. Nf3 Be6 21. Nbd2 Nc6 22. Qa4 Bd7 23. Qa3 Bc8 24. Nf1 c4 25. Bxc4 Rxe4 26. Rxe4 Nxe4 27. Be3 Bc5 28. Bxc5 Nxc5 29. Ne3 Be6 30. Bd5 Bxd5 31. Nxd5 Rb5 32. Rd1 Rxa5 33. Qc1 h6 34. Nb4 Ne7 35. Qf4 Ne6 36. Rxd6 Ra1+ 37. Kh2 Qc7 38. Qe5 Ng6 39. Qg3 Qxc3 40. Rxa6 Rb1 41. Ra8+ Kh7 42. Ng5+ 1-0

[Event "Hum na Sutli op 12th"]
[Site "Hum na Sutli"]
[Date "2018.08.29"]
[Round "7"]
[White "Takac, Zvonko"]
[Black "Fercec, Nenad"]
[Result "0-1"]
[WhiteElo "1966"]
[BlackElo "2447"]
[PlyCount "68"]
[EventDate "2018.08.25"]
[EventType "swiss"]
[EventRounds "9"]
[EventCountry "CRO"]
[SourceTitle "CBM 186 Extra"]
[Source "ChessBase"]
[SourceDate "2018.08.24"]
[SourceVersion "1"]
[SourceVersionDate "2018.08.24"]
[SourceQuality "1"]

1. d4 Nf6 2. c4 g6 3. Nc3 d5 4. cxd5 Nxd5 5. e4 Nxc3 6. bxc3 Bg7 7. Bc4 c5 8. Ne2 0-0 9. 0-0 Nc6 10. Be3 Bg4 11. f3 Bd7 12. Rb1 Rc8 13. dxc5 Qc7 14. Qc1 Na5 15. Bb3 e6 16. Rd1 Rfd8 17. Kh1 Be8 18. Rxd8 Rxd8 19. Nd4 Bd7 20. Bg5 Re8 21. Be3 Bf8 22. Qg1 Rc8 23. c6 bxc6 24. c4 c5 25. Nb5 Bxb5 26. cxb5 Nxb3 27. Rxb3 c4 28. Rc3 Qa5 29. Rc2 Qxb5 30. Bxa7 c3 31. Bd4 Qd3 32. Rc1 Bh6 33. Rf1 c2 34. f4 Qxf1 0-1

[Event "Hum na Sutli op 12th"]
[Site "Hum na Sutli"]
[Date "2018.08.28"]
[Round "6"]
[White "Pandurevic, Miro"]
[Black "Takac, Zvonko"]
[Result "0-1"]
[WhiteElo "2263"]
[BlackElo "1966"]
[PlyCount "142"]
[EventDate "2018.08.25"]
[EventType "swiss"]
[EventRounds "9"]
[EventCountry "CRO"]
[SourceTitle "CBM 186 Extra"]
[Source "ChessBase"]
[SourceDate "2018.08.24"]
[SourceVersion "1"]
[SourceVersionDate "2018.08.24"]
[SourceQuality "1"]

1. e4 e6 2. d4 d5 3. Nc3 Bb4 4. e5 c5 5. a3 Bxc3+ 6. bxc3 Ne7 7. Qg4 0-0 8. Bg5 Qa5 9. Bd2 Qc7 10. Nf3 Nbc6 11. Bd3 Ng6 12. Qh5 Nce7 13. Ng5 h6 14. Nf3 c4 15. Bxg6 fxg6 16. Qg4 Bd7 17. Nh4 Kh7 18. f4 Qc6 19. 0-0 Be8 20. a4 Nf5 21. Nf3 Rh8 22. Qh3 Kg8 23. g4 Ne7 24. Qh4 Qd7 25. h3 Nc6 26. Qg3 Ne7 27. Bc1 Nc8 28. Nh4 a5 29. f5 g5 30. Ng6 Bxg6 31. fxg6 Ne7 32. Rf7 Qe8 33. Qf3 Nxg6 34. Rxb7 Kh7 35. Qf6 Rg8 36. Bxg5 Kh8 37. Bh4 Nxh4 38. Qxh4 Qg6 39. Rf1 Raf8 40. Rf2 Qe4 41. Rff7 Rxf7 42. Rxf7 Qxc2 43. Qg3 Rb8 44. Rf2 Rb1+ 45. Rf1 Rxf1+ 46. Kxf1 Qxa4 47. Qf3 Qa1+ 48. Kg2 Qb2+ 49. Kg3 a4 50. g5 Qc2 51. Qf8+ Kh7 52. gxh6 Qxc3+ 53. Kg2 Qd2+ 54. Kg3 Qg5+ 55. Kh2 Qxh6 56. Qf3 Qd2+ 57. Kh1 c3 58. Qh5+ Qh6 59. Qd1 Qxh3+ 60. Kg1 g5 61. Qxa4 Qe3+ 62. Kh2 Kh6 63. Qe8 Qe2+ 64. Kg3 Qd3+ 65. Kh2 c2 66. Qxe6+ Kh5 67. Qe8+ Kh4 68. Qh8+ Kg4 69. Qc8+ Qf5 70. e6 Qf2+ 71. Kh1 Qe1+ 0-1

[Event "Hum na Sutli op 12th"]
[Site "Hum na Sutli"]
[Date "2018.08.26"]
[Round "4"]
[White "Suta, Andraz"]
[Black "Takac, Zvonko"]
[Result "0-1"]
[WhiteElo "2168"]
[BlackElo "1966"]
[PlyCount "134"]
[EventDate "2018.08.25"]
[EventType "swiss"]
[EventRounds "9"]
[EventCountry "CRO"]
[SourceTitle "CBM 186 Extra"]
[Source "ChessBase"]
[SourceDate "2018.08.24"]
[SourceVersion "1"]
[SourceVersionDate "2018.08.24"]
[SourceQuality "1"]

1. e4 e6 2. d4 d5 3. e5 c5 4. c3 Nc6 5. Nf3 Nge7 6. a3 cxd4 7. cxd4 Qb6 8. b4 Nf5 9. Be3 Be7 10. Bd3 Nxe3 11. fxe3 Bd7 12. 0-0 f6 13. exf6 Bxf6 14. Kh1 0-0 15. Nc3 Ne7 16. Qd2 Rac8 17. Ne2 Bb5 18. Nf4 Bxd3 19. Nxd3 Nf5 20. Nfe5 Qd8 21. Rf3 Qe7 22. Raf1 Nd6 23. Kg1 Ne4 24. Qa2 Qc7 25. Ng4 Qc4 26. Qxc4 dxc4 27. Nc5 Nd2 28. Nxf6+ gxf6 29. Rg3+ Kf7 30. Rc1 b6 31. Rc2 c3 32. Nb7 Ne4 33. Rg4 f5 34. Rxe4 fxe4 35. Nd6+ Ke7 36. Nxc8+ Rxc8 37. Kf1 Kd6 38. Ke1 Kd5 39. Kd1 Kc4 40. Rf2 Kd3 41. Rf7 c2+ 42. Kc1 Rc3 43. Rf2 Rxa3 44. Rd2+ Kxe3 45. Rxc2 Kxd4 46. Kd2 Rb3 47. Ke2 e3 48. g4 Rxb4 49. h4 Ke5 50. Rc7 Rxg4 51. Rxh7 Ke4 52. Rxa7 Rg2+ 53. Ke1 b5 54. Re7 e5 55. h5 Rh2 56. Rh7 b4 57. Rb7 Rxh5 58. Rxb4+ Kf3 59. Kd1 Rh1+ 60. Kc2 e2 61. Rb3+ Kf4 62. Rb4+ e4 63. Rb2 e1Q 64. Kb3 Rh3+ 65. Ka2 Qa5+ 66. Kb1 Rh1+ 67. Kc2 Rh2+ 0-1

[Event "Zagreb Damjanovic Memorial 2nd"]
[Site "Zagreb"]
[Date "2018.07.19"]
[Round "4"]
[White "Stocko, Josip"]
[Black "Takac, Zvonko"]
[Result "1-0"]
[WhiteElo "2284"]
[BlackElo "1970"]
[PlyCount "43"]
[EventDate "2018.07.16"]
[EventType "swiss"]
[EventRounds "9"]
[EventCountry "CRO"]
[SourceTitle "EXT 2019"]
[Source "ChessBase"]
[SourceDate "2018.10.10"]
[SourceVersion "1"]
[SourceVersionDate "2018.10.10"]
[SourceQuality "1"]

1. e4 c5 2. Nf3 e6 3. d4 cxd4 4. Nxd4 Nc6 5. Nxc6 bxc6 6. Bd3 e5 7. 0-0 Nf6 8. c4 c5 9. Nc3 h6 10. f4 d6 11. Qf3 Be7 12. fxe5 dxe5 13. Nd5 0-0 14. Nxe7+ Qxe7 15. Bxh6 Bg4 16. Qg3 gxh6 17. h3 h5 18. hxg4 hxg4 19. Qh4 Qd6 20. Qg5+ Kh7 21. Rxf6 Qd4+ 22. Kh1 1-0

[Event "Zalakaros op 37th"]
[Site "Zalakaros"]
[Date "2018.05.28"]
[Round "4"]
[White "Czupor, Attila"]
[Black "Takac, Zvonko"]
[Result "1-0"]
[WhiteElo "2209"]
[BlackElo "1977"]
[PlyCount "78"]
[EventDate "2018.05.25"]
[EventType "swiss"]
[EventRounds "9"]
[EventCountry "HUN"]
[SourceTitle "EXT 2019"]
[Source "ChessBase"]
[SourceDate "2018.10.10"]
[SourceVersion "1"]
[SourceVersionDate "2018.10.10"]
[SourceQuality "1"]

1. e4 c5 2. Nf3 d6 3. d4 cxd4 4. Nxd4 Nf6 5. Nc3 a6 6. Be3 e5 7. Nb3 Be6 8. f3 Be7 9. Qd2 Nbd7 10. Nd5 Bxd5 11. exd5 Rc8 12. c4 0-0 13. Na5 Qc7 14. Be2 Ne8 15. 0-0 f5 16. f4 e4 17. b4 Bd8 18. Rfc1 Qb8 19. Nb3 Nef6 20. Nd4 g6 21. Ne6 Re8 22. c5 Be7 23. c6 Nf8 24. Nxf8 Kxf8 25. a4 Bd8 26. cxb7 Rxc1+ 27. Rxc1 Qxb7 28. Rc6 a5 29. b5 Ke7 30. b6 Qa8 31. Qb2 Qb8 32. Qb5 Kf8 33. Qxa5 Re7 34. Qb5 Rb7 35. a5 Nd7 36. Qc4 Nxb6 37. axb6 Rxb6 38. Bxb6 Bxb6+ 39. Kh1 Qa7 1-0

[Event "Zagreb Hulak Memorial op 2nd"]
[Site "Zagreb"]
[Date "2017.11.30"]
[Round "1"]
[White "Takac, Zvonko"]
[Black "Plenca, Jadranko"]
[Result "0-1"]
[WhiteElo "1981"]
[BlackElo "2469"]
[PlyCount "92"]
[EventDate "2017.11.30"]
[EventType "swiss"]
[EventRounds "9"]
[EventCountry "CRO"]
[SourceTitle "EXT 2019"]
[Source "ChessBase"]
[SourceDate "2018.10.10"]
[SourceVersion "1"]
[SourceVersionDate "2018.10.10"]
[SourceQuality "1"]

1. d4 Nf6 2. c4 e6 3. Nc3 Bb4 4. Qc2 d5 5. a3 Be7 6. Nf3 Nbd7 7. c5 0-0 8. Bf4 c6 9. e3 b6 10. cxb6 axb6 11. Bd3 c5 12. 0-0 Bb7 13. Rae1 h6 14. h3 Ra5 15. Nd2 c4 16. Be2 b5 17. f3 Qb6 18. Bg3 b4 19. axb4 Bxb4 20. Bf2 Ba6 21. Ra1 Rb8 22. Na4 Qc6 23. Nc3 Qb6 24. Na4 Qc7 25. Nb3 Rab5 26. Rfc1 Qd6 27. Nd2 Ba5 28. Nb1 Bc7 29. Nbc3 Rb3 30. f4 Ba5 31. Be1 Bb7 32. Bd1 Bc6 33. Qe2 R3b7 34. Bc2 Qc7 35. Nd1 Bxe1 36. Qxe1 Bxa4 37. Bxa4 Qd6 38. Bxd7 Qxd7 39. Ra3 Qe7 40. Rca1 Ne4 41. Ra8 Rxa8 42. Rxa8+ Kh7 43. Qa5 Qh4 44. f5 c3 45. Nxc3 Qe1+ 46. Kh2 Qg3+ 0-1

[Event "Bled op"]
[Site "Bled"]
[Date "2017.03.12"]
[Round "5"]
[White "Damjanovic, Vuk"]
[Black "Takac, Zvonko"]
[Result "1-0"]
[WhiteElo "1655"]
[BlackElo "1983"]
[PlyCount "43"]
[EventDate "2017.03.10"]
[EventType "swiss"]
[EventRounds "5"]
[EventCountry "SLO"]
[SourceTitle "EXT 2019"]
[Source "ChessBase"]
[SourceDate "2018.10.10"]
[SourceVersion "1"]
[SourceVersionDate "2018.10.10"]
[SourceQuality "1"]

1. d4 Nf6 2. c4 g6 3. Nc3 Bg7 4. e4 d6 5. f4 0-0 6. Nf3 Bg4 7. Be2 c5 8. d5 Nfd7 9. Be3 f5 10. Ng5 Bxe2 11. Qxe2 Qa5 12. Bd2 Qb6 13. Ne6 fxe4 14. Nxf8 Kxf8 15. 0-0 Nf6 16. Nxe4 Qxb2 17. Ng5 Nbd7 18. Qe6 Ke8 19. Qf7+ Kd8 20. Ne6+ Kc8 21. Qxg7 b6 22. Qxe7 1-0

[Event "Bled op"]
[Site "Bled"]
[Date "2017.03.12"]
[Round "4"]
[White "Takac, Zvonko"]
[Black "Pregarac, Valter"]
[Result "0-1"]
[WhiteElo "1983"]
[BlackElo "2182"]
[PlyCount "74"]
[EventDate "2017.03.10"]
[EventType "swiss"]
[EventRounds "5"]
[EventCountry "SLO"]
[SourceTitle "EXT 2019"]
[Source "ChessBase"]
[SourceDate "2018.10.10"]
[SourceVersion "1"]
[SourceVersionDate "2018.10.10"]
[SourceQuality "1"]

1. d4 Nf6 2. c4 e6 3. Nc3 Bb4 4. Qc2 0-0 5. Bg5 c5 6. dxc5 h6 7. Bd2 Bxc5 8. e3 Nc6 9. a3 a5 10. Nf3 d5 11. cxd5 exd5 12. Nb5 Qe7 13. Bc3 Ne4 14. Bd4 Nxd4 15. Nbxd4 Bg4 16. Be2 Bxf3 17. gxf3 Bxd4 18. exd4 Ng5 19. 0-0 Nh3+ 20. Kh1 Qh4 21. Qf5 Nf4 22. Bb5 g6 23. Rg1 h5 24. Rae1 Rac8 25. Ref1 Rc7 26. Qb1 Kg7 27. Rg3 Qf6 28. Qd1 Rfc8 29. Qd2 Rc2 30. Qxa5 Qxd4 31. Qb4 Qxb4 32. axb4 Rxb2 33. Re1 Rxb4 34. Bd7 Rc7 35. Bf5 Kf6 36. Bb1 Rb2 37. h4 Rc3 0-1

[Event "Kozje op 3rd"]
[Site "Kozje"]
[Date "2016.09.11"]
[Round "5"]
[White "Muha, Magdalena"]
[Black "Takac, Zvonko"]
[Result "0-1"]
[WhiteElo "1711"]
[BlackElo "2009"]
[PlyCount "74"]
[EventDate "2016.09.09"]
[EventType "swiss"]
[EventRounds "5"]
[EventCountry "SLO"]
[SourceTitle "CBM 174 Extra"]
[Source "ChessBase"]
[SourceDate "2016.10.10"]
[SourceVersion "1"]
[SourceVersionDate "2016.10.10"]
[SourceQuality "1"]

1. d4 d5 2. c4 c6 3. Nf3 Nf6 4. Nc3 dxc4 5. a4 Bf5 6. e3 e6 7. Bxc4 Bb4 8. Bd2 Nbd7 9. 0-0 0-0 10. Na2 Bd6 11. b4 Nb6 12. Qe2 Nxc4 13. Qxc4 Ne4 14. Rfc1 Bg4 15. Qd3 Bxf3 16. gxf3 Qg5+ 17. Kf1 Nxd2+ 18. Qxd2 a5 19. f4 Qh5 20. bxa5 Qxh2 21. Rab1 Qh1+ 22. Ke2 Qh5+ 23. Ke1 Rfb8 24. Rb6 Bc7 25. Rb3 Bxa5 26. Nb4 Qf3 27. Rc5 Bb6 28. Rg5 Rxa4 29. Nc2 Bd8 30. Rg3 Qd5 31. Qc3 Ba5 32. Nb4 Qd6 33. d5 Bxb4 34. Rxb4 Qxb4 35. Rxg7+ Kf8 36. Qxb4+ Rxb4 37. Rxh7 Kg8 0-1

[Event "Kozje op 3rd"]
[Site "Kozje"]
[Date "2016.09.11"]
[Round "4"]
[White "Takac, Zvonko"]
[Black "Tisaj, Domen"]
[Result "1/2-1/2"]
[WhiteElo "2009"]
[BlackElo "1902"]
[PlyCount "51"]
[EventDate "2016.09.09"]
[EventType "swiss"]
[EventRounds "5"]
[EventCountry "SLO"]
[SourceTitle "CBM 174 Extra"]
[Source "ChessBase"]
[SourceDate "2016.10.10"]
[SourceVersion "1"]
[SourceVersionDate "2016.10.10"]
[SourceQuality "1"]

1. d4 d5 2. Nf3 Nf6 3. c4 e6 4. Nc3 Nbd7 5. Bg5 Be7 6. e3 0-0 7. Rc1 c6 8. Bd3 dxc4 9. Bxc4 b5 10. Bd3 Bb7 11. 0-0 a6 12. Ne4 Nxe4 13. Bxe7 Qxe7 14. Bxe4 Rac8 15. Bb1 c5 16. Qd3 f5 17. dxc5 Bxf3 18. gxf3 Ne5 19. Qd6 Nxf3+ 20. Kh1 Qh4 21. Kg2 Qg4+ 22. Qg3 Qxg3+ 23. Kxg3 Nd2 24. Rfd1 Nxb1 25. Rxb1 Rxc5 26. Rd6 1/2-1/2

[Event "Topusko op 5th"]
[Site "Topusko"]
[Date "2016.08.07"]
[Round "3"]
[White "Takac, Zvonko"]
[Black "Kolsek, Jan"]
[Result "1-0"]
[WhiteElo "1999"]
[BlackElo "1631"]
[PlyCount "63"]
[EventDate "2016.08.06"]
[EventType "swiss"]
[EventRounds "9"]
[EventCountry "CRO"]
[SourceTitle "CBM 173 Extra"]
[Source "ChessBase"]
[SourceDate "2016.08.29"]
[SourceVersion "1"]
[SourceVersionDate "2016.08.29"]
[SourceQuality "1"]

1. d4 Nf6 2. Nf3 g6 3. c4 c5 4. e3 Bg7 5. Nc3 b6 6. g3 Bb7 7. Bg2 0-0 8. 0-0 Nc6 9. Ne5 Qc8 10. Nxc6 Bxc6 11. d5 Bb7 12. e4 d6 13. Qc2 Qd7 14. a4 Rfb8 15. b3 a6 16. Bb2 Bc8 17. Rae1 Qc7 18. f4 Bd7 19. e5 Ne8 20. e6 fxe6 21. dxe6 Bc6 22. Bxc6 Qxc6 23. Nd5 Ra7 24. f5 g5 25. Qe4 Qb7 26. Bxg7 Kxg7 27. h4 Nc7 28. Nxe7 Qxe4 29. f6+ Kf8 30. Rxe4 Re8 31. hxg5 b5 32. g6 1-0

[Event "Kozje op 2nd"]
[Site "Kozje"]
[Date "2015.09.13"]
[Round "5"]
[White "Takac, Zvonko"]
[Black "Subelj, Jan"]
[Result "0-1"]
[WhiteElo "2018"]
[BlackElo "1964"]
[PlyCount "62"]
[EventDate "2015.09.11"]
[EventType "swiss"]
[EventRounds "5"]
[EventCountry "SLO"]
[SourceTitle "EXT 2016"]
[Source "ChessBase"]
[SourceDate "2015.10.08"]
[SourceVersion "1"]
[SourceVersionDate "2015.10.08"]
[SourceQuality "1"]

1. d4 Nf6 2. c4 e6 3. Nf3 d5 4. Nc3 Be7 5. Bf4 c6 6. e3 0-0 7. Rc1 Nbd7 8. cxd5 exd5 9. Bd3 Re8 10. 0-0 Nf8 11. h3 Ng6 12. Bh2 Bd6 13. Bxd6 Qxd6 14. a3 Ne4 15. Bxe4 dxe4 16. Nd2 f5 17. Nc4 Qf6 18. d5 Rd8 19. Qb3 cxd5 20. Nxd5 Rxd5 21. Nb6 Qxb6 22. Qxd5+ Be6 23. Qc5 Qxc5 24. Rxc5 Rc8 25. Rfc1 Rxc5 26. Rxc5 Kf8 27. Kf1 Ne7 28. Ke2 Nc6 29. b4 a6 30. b5 axb5 31. Rxb5 Bc4+ 0-1

[Event "Kozje op 2nd"]
[Site "Kozje"]
[Date "2015.09.12"]
[Round "3"]
[White "Takac, Zvonko"]
[Black "Paternoster, Janez"]
[Result "1-0"]
[WhiteElo "2018"]
[BlackElo "1382"]
[PlyCount "29"]
[EventDate "2015.09.11"]
[EventType "swiss"]
[EventRounds "5"]
[EventCountry "SLO"]
[SourceTitle "EXT 2016"]
[Source "ChessBase"]
[SourceDate "2015.10.08"]
[SourceVersion "1"]
[SourceVersionDate "2015.10.08"]
[SourceQuality "1"]

1. d4 d5 2. c4 c6 3. Nc3 Nf6 4. Nf3 Bf5 5. cxd5 cxd5 6. Qb3 Qd7 7. Ne5 Qc8 8. e4 Bxe4 9. Nxe4 Nbd7 10. Nxf6+ exf6 11. Nxd7 Kxd7 12. Bb5+ Kc7 13. Bf4+ Kd8 14. Qxd5+ Ke7 15. Qd6# 1-0

[Event "Topusko op 4th"]
[Site "Topusko"]
[Date "2015.08.08"]
[Round "9"]
[White "Conjar, Velimir"]
[Black "Takac, Zvonko"]
[Result "0-1"]
[WhiteElo "2021"]
[BlackElo "2033"]
[PlyCount "80"]
[EventDate "2015.08.01"]
[EventType "swiss"]
[EventRounds "9"]
[EventCountry "CRO"]
[SourceTitle "CBM 167 Extra"]
[Source "ChessBase"]
[SourceDate "2015.09.14"]
[SourceVersion "1"]
[SourceVersionDate "2015.09.14"]
[SourceQuality "1"]

1. e4 c5 2. c3 d5 3. exd5 Qxd5 4. d4 cxd4 5. cxd4 Nc6 6. Nf3 Bg4 7. Nc3 Bxf3 8. Nxd5 Bxd1 9. Nc7+ Kd8 10. Nxa8 Bg4 11. Bf4 e5 12. dxe5 Bb4+ 13. Bd2 Bxd2+ 14. Kxd2 Nge7 15. f3 Be6 16. Bb5 Kd7 17. Nb6+ axb6 18. a3 Kc7 19. Rac1 Rd8+ 20. Ke2 Rd5 21. Bxc6 bxc6 22. f4 Rd4 23. g3 Bg4+ 24. Ke1 Nf5 25. h3 Nxg3 26. Rg1 Ne2 27. Rxc6+ Kxc6 28. Rxg4 Nxf4 29. Rxg7 Nxh3 30. Rxh7 Ng5 31. Rh6+ Kc7 32. Rh5 Re4+ 33. Kd2 Rxe5 34. Kc2 f6 35. b4 b5 36. Rh8 Re3 37. Kb2 Ne4 38. Rh5 Kc6 39. Rh6 Kd5 40. Rh5+ Kc4 0-1